00601 2200229 4500001002100000005001700021008004100038035002400079082001200103090001700115245007000132250001100202260003800213300001900251650002000270700002200290850001500312980001100327985000600338986001200344999001500356YOGYA-0209000001240720090227022225.0 ind  0010-020900000012407 a297.324 a297.324bSab aSABILUL Muhtadinbkumpulan khotbahcpenyunting, Mustofa W. Hasyim aCet. 1 aYogyakartabPustaka Pelajarc1994 a210 hlmc20 cm aKhotbah (Islam) aHasyim, Mustofa W aYOPDYOG(B) a200505 a1 adwrtrev a97P0100314